MARC

LEADER 00000nam0a2200000 4500
001 306858
005 20231102001933.0
035 |a (RuTPU)RU\TPU\book\332135 
090 |a 306858 
100 |a 20151012d1982 km y0rusy50 ca 
101 0 |a rus 
102 |a RU 
105 |a a z 001zy 
200 1 |a Коммерческие банки США в системе государственно-монополистического капитализма  |f И. К. Ключников, В. С. Торкановский  |g Ленинградский государственный университет (ЛГУ) 
210 |a Ленинград  |c Изд-во Ленинградского ун-та  |d 1982 
215 |a 191 с.  |c ил. 
320 |a Библиография в ссылках. 
606 1 |a Финансы  |x Зарубежные страны  |2 stltpush  |3 (RuTPU)RU\TPU\subj\37226  |9 58328 
610 1 |a банковская система 
610 1 |a коммерческие банки 
610 1 |a США 
610 1 |a государственно-монополистический капитализм 
610 1 |a конкурентная борьба 
610 1 |a финансово-кредитные организации 
610 1 |a международные операции 
610 1 |a организационная структура 
610 1 |a ЭВМ 
610 1 |a применение 
686 |a У826  |v LBC/SL-A  |2 rubbk 
700 1 |a Ключников  |b И. К.  |g Игорь Константинович 
701 1 |a Торкановский  |b В. С.  |g Виктор Семенович 
712 0 2 |a Ленинградский государственный университет (ЛГУ)  |c (1924-1991)  |2 stltpush  |3 (RuTPU)RU\TPU\col\77 
801 1 |a RU  |b 63413507  |c 20151012 
801 2 |a RU  |b 63413507  |c 20190520  |g RCR 
942 |c BK